Chaîne de lettres Pokémon Type Acier - Statistiques

Statistiques générales
  • Ce quiz a été pris 40 fois
  • Le résultat moyen est 8 sur 10
Statistiques - réponses
Indice Pokémon % Correct
Évolution d'Archéomire Archéodong
97%
C'est le premier stade d'évolution de Cliticlic Tic
92%
Pokémon trousseau Trousselin
92%
Il a fusionné avec Solgaleo Necrozma
89%
Évolution de Grindur Noacier
84%
Évolution de Carabing Lançargot
76%
Chef des lames de la justice Cobaltium
73%
Pokémon fabuleux créé par la Team Plasma Genesect
73%
Golem de type acier Registeel
68%
Pokémon fabuleux qui peut évoluer Meltan
57%
Aucun quiz correspondant
Distribution des résultats
% des personnes avec chaque résultat
Percentile par nombre de réponses
Votre historique - résultats
Vous n’avez pas pris ce quiz